000 00482nam a22001697a 4500
005 20240613090256.0
008 240613b |||||||| |||| 00| 0 eng d
020 _a9789694171739
082 _a637.127
_bTAR-L
100 _aTariq Masud
245 _aLaboratory Manual for Analysis of Milk and Milk Products /
_cTariq Masud
260 _aPakistan;
_bHEC;
_c2012.
300 _axiv,163p.
_bill;
_c24 cm.
500 _ainclude index
650 _aMedical / Laboratory
999 _c35912
_d35912